[Event "Nicolosi Etna op 1st"]
[Site "Nicolosi"]
[Date "2014.12.07"]
[Round "5"]
[White "Terwagne, Bertrand"]
[Black "Aceto, Andrea"]
[Result "0-1"]
[WhiteElo "1865"]
[BlackElo "1771"]
[PlyCount "94"]
[EventDate "2014.12.05"]
[EventType "swiss"]
[EventRounds "7"]
[EventCountry "ITA"]
[SourceTitle "CBM 163 Extra"]
[Source "ChessBase"]
[SourceDate "2014.12.23"]
[SourceVersion "1"]
[SourceVersionDate "2014.12.23"]
[SourceQuality "1"]

1. e4 c5 2. c3 Nc6 3. d4 d6 4. dxc5 dxc5 5. Qxd8+ Nxd8 6. Bb5+ Bd7 7. Bxd7+ Kxd7 8. Be3 e6 9. Nd2 Nf6 10. f3 Nc6 11. 0-0-0 Kc7 12. Ne2 Rd8 13. Nc4 Be7 14. Bf4+ Kc8 15. Bd6 Nd4 16. cxd4 Bxd6 17. Nxd6+ Rxd6 18. e5 Rc6 19. exf6 cxd4+ 20. Kb1 e5 21. fxg7 Rg8 22. Ng3 Rxg7 23. Nf5 Rxg2 24. Ne7+ Kd7 25. Nxc6 bxc6 26. Rhe1 Kd6 27. f4 f6 28. fxe5+ fxe5 29. h4 Kd5 30. b4 e4 31. Rg1 Re2 32. Rg5+ Kc4 33. Rc5+ Kxb4 34. Rxc6 d3 35. Rc7 a5 36. Rxh7 Kc3 37. Rc7+ Kd4 38. Rb7 Rh2 39. Rb5 e3 40. Rb3 Rd2 41. Kc1 Rc2+ 42. Kb1 Rc3 43. Rb2 Ke4 44. Rg1 e2 45. h5 Ke3 46. h6 d2 47. Rg3+ Kf4 0-1